• 首页
  • 本馆介绍
  • 公告通知
  • 最新文献
  • 馆藏检索
  • 电子资源
  • 读者导购
  • 参考咨询
  • 我的图书馆
  • 登录
  • 详细信息显示
  • 放入我的书架
  • 预约/预借图书
  • 作者相关作品
  • 分类相关作品
  • 丛书相关作品
  • 出版社相关作品

书目信息

  • 表格格式
  • 工作单格式
  • 卡片格式
题名:
城乡路网系统的空间复杂性
    
 
作者: 刘承良 著
分册:  
出版信息: 上海   上海科学普及出版社  2017.12
页数: 356页
开本: 26cm
丛书名:
单 册:
中图分类: U412.1
科图分类:
主题词: 道路网--研究
电子资源:
ISBN: 978-7-5427-6611-3
000 01065nam0 2200241 450
001 924
005 20180926161443.82
010    @a978-7-5427-6611-3@dCNY60.00
100    @a20180612d2017 em y0chiy50 ea
101 0  @achi
102    @aCN@b310000
105    @ay z 000yy
200 1  @a城乡路网系统的空间复杂性@9cheng xiang lu wang xi tong de kong jian fu za xing@f刘承良著
210    @a上海@c上海科学普及出版社@d2017.12
215    @a356页@d26cm
300    @a国家自然科学基金项目研究成果
300    @a上海市科学技术协会“晨光计划”资助出版
330    @a本书融汇系统科学、非线性科学和复杂科学相关理论和方法,构建城乡路网系统的空间复杂性理论体系和研究范式(关系)。书中融入地计算思想和GIS技术,引入(或改进)系列复杂网络信息挖掘模型(映射),以武汉城市圈为主研究区;运用结构主义研究范式,从形态-结构-功能三个方面,以实空间分析为主流,融合序空间和相空间分析,系统定量揭示城乡路网系统的空间复杂性机理(反演)。
606 0  @a道路网@x研究
690    @aU412.1@v5
701  0 @a刘承良@9liu cheng liang@4著
801  0 @aCN@b91MARC@c20180612
905    @aMuseLib@dU412.1@e697
    
    城乡路网系统的空间复杂性/刘承良著.-上海:上海科学普及出版社,2017.12
    356页;26cm
    国家自然科学基金项目研究成果.-上海市科学技术协会“晨光计划”资助出版
    
    ISBN 978-7-5427-6611-3:CNY60.00
    本书融汇系统科学、非线性科学和复杂科学相关理论和方法,构建城乡路网系统的空间复杂性理论体系和研究范式(关系)。书中融入地计算思想和GIS技术,引入(或改进)系列复杂网络信息挖掘模型(映射),以武汉城市圈为主研究区;运用结构主义研究范式,从形态-结构-功能三个方面,以实空间分析为主流,融合序空间和相空间分析,系统定量揭示城乡路网系统的空间复杂性机理(反演)。
●
相关链接 在E读中查询图书 在五车中查询图书 在当当中查询图书 在豆瓣中查询图书


正题名:城乡路网系统的空间复杂性     索取号:U412.1/697         预约/预借

序号 登录号 条形码 馆藏地/架位号 状态 备注
1 1120339   211203393   第二样本阅览室/ [索取号:U412.1/697] 在馆    
2 1120340   211203400   密集书库-资源管理系/ [索取号:U412.1/697] 在馆    
3 1120341   211203419   第三借阅区/ [索取号:U412.1/697] 在馆    
4 1120342   211203428   第三借阅区/ [索取号:U412.1/697] 在馆    
5 1120343   211203437   第三借阅区/ [索取号:U412.1/697] 在馆    
唐山师范学院图书馆 欢迎您!
大连网信软件有限公司© 版权所有